Clique os Países da América do Sul - Statistics

Estatísticas Gerais
  • Esse quiz foi jogado 49 597 vezes
  • A pontuação média é 11 de 14
Respostas no mapa
Respostas codificadas por cores de uma escala verde-vermelha no mapa do quiz de acordo com a % correta abaixo.
 
Estatísticas das Respostas
Resposta % Correto
Brasil
93%
Argentina
88%
Chile
85%
Uruguai
79%
Paraguai
78%
Colômbia
74%
Peru
73%
Bolívia
72%
Equador
72%
Guiana Francesa (França)
72%
Venezuela
72%
Ilhas Malvinas (Reino Unido)
69%
Suriname
67%
Guiana
64%
Nenhum quiz correspondente encontrado
Distribuição das Pontuações
Porcentagem de Pessoas com Cada Pontuação
Percentil de Números Respondidos
Sua Pontuação Histórica
Você não jogou esse quiz